General thoracic surgery / (Record no. 8005)

MARC details
000 -LEADER
fixed length control field 01019cam a2200301 a 4500
001 - CONTROL NUMBER
control field 2539979
003 - CONTROL NUMBER IDENTIFIER
control field OSt
005 - DATE AND TIME OF LATEST TRANSACTION
control field 20220926161448.0
008 - FIXED-LENGTH DATA ELEMENTS--GENERAL INFORMATION
fixed length control field 940113s1994 mdua b 001 0 eng c
010 ## - LIBRARY OF CONGRESS CONTROL NUMBER
LC control number 94002791
020 ## - INTERNATIONAL STANDARD BOOK NUMBER
International Standard Book Number 0683077163
040 ## - CATALOGING SOURCE
Original cataloging agency DNLM/DLC
Transcribing agency DLC
Modifying agency DLC
050 00 - LIBRARY OF CONGRESS CALL NUMBER
Classification number RD536
Item number .G45 1994
060 00 - NATIONAL LIBRARY OF MEDICINE CALL NUMBER
Classification number WF 980 G326 1994
082 00 - DEWEY DECIMAL CLASSIFICATION NUMBER
Classification number WF980 G286 1994
Edition number 20
100 ## - MAIN ENTRY--PERSONAL NAME
Personal name Edited by Thomas w. Shields;
9 (RLIN) 16249
245 00 - TITLE STATEMENT
Title General thoracic surgery /
Statement of responsibility, etc. edited by Thomas W. Shields.
250 ## - EDITION STATEMENT
Edition statement 4th ed.
260 ## - PUBLICATION, DISTRIBUTION, ETC. (IMPRINT)
Place of publication, distribution, etc. Baltimore :
Name of publisher, distributor, etc. Williams & Wilkins,
Date of publication, distribution, etc. 1994.
300 ## - PHYSICAL DESCRIPTION
Extent 2 v. (xx, 1816, 42 p.) :
Other physical details ill. ;
Dimensions 29 cm.
504 ## - BIBLIOGRAPHY, ETC. NOTE
Bibliography, etc Includes bibliographical references and indexes.
650 #0 - SUBJECT ADDED ENTRY--TOPICAL TERM
Topical term or geographic name as entry element Chest
General subdivision Surgery.
9 (RLIN) 16250
650 #2 - SUBJECT ADDED ENTRY--TOPICAL TERM
Topical term or geographic name as entry element Thoracic Surgery.
9 (RLIN) 16251
700 1# - ADDED ENTRY--PERSONAL NAME
Personal name Shields, Thomas W.,
Dates associated with a name 1922-
9 (RLIN) 16252
906 ## - LOCAL DATA ELEMENT F, LDF (RLIN)
a 7
b cbc
c orignew
d 1
e ocip
f 19
g y-gencatlg
942 ## - ADDED ENTRY ELEMENTS (KOHA)
Source of classification or shelving scheme Other/Generic Classification Scheme
Koha item type Open Shelf
Holdings
Withdrawn status Lost status Source of classification or shelving scheme Damaged status Not for loan Home library Current library Date acquired Source of acquisition Inventory number Total Checkouts Full call number Barcode Date last seen Price effective from Koha item type
    Other/Generic Classification Scheme     MUST Main Library MUST Main Library 26/08/2022 Donation 99/13062   WF980 G286 1994 2022-7943 26/08/2022 26/08/2022 Open Shelf
    Other/Generic Classification Scheme     MUST Main Library MUST Main Library 26/09/2022 Purchase 99/13061   WF980 G286 1994 2022-8005 26/09/2022 26/09/2022 Open Shelf